000 00658 a2200217 4500
003 Nust
005 20170207153116.0
010 _a 96002423
020 _a (acid-free paper)
040 _cNust
082 0 0 _a515.353
100 1 _aZill, Dennis G.,
245 1 0 _aDifferential equations with boundary-value problems /
_cDennis G. Zill.
250 _a3rd ed. /
_bMichael R. Cullen.
260 _a Islamabad
_b National Book Foundation Pub. Co.,
_cc1997.
300 _a1 v. 775:
_bill. (some col.) ;
_c26 cm.
538 _aAlmirah No.13 Shelf No. 5
650 0 _aBoundary value problems.
650 0 _aDifferential equations.
700 1 _aCullen, Michael R.
942 _2ddc
_cBK
999 _c179301
_d179301